<?xml version="1.0" encoding="UTF-8"?>
<collection xmlns="http://www.loc.gov/MARC21/slim">
 <record>
  <leader>02016nam a22002657a 4500</leader>
  <controlfield tag="001">NCT_38731</controlfield>
  <controlfield tag="008">180602b        xxu||||| |||| 00| 0 vie d</controlfield>
  <datafield tag="999" ind1=" " ind2=" ">
   <subfield code="c">1870</subfield>
   <subfield code="d">1870</subfield>
  </datafield>
  <datafield tag="020" ind1=" " ind2=" ">
   <subfield code="a">9786040037558</subfield>
   <subfield code="c">50000</subfield>
  </datafield>
  <datafield tag="082" ind1="0" ind2="4">
   <subfield code="2">23rd ed.</subfield>
   <subfield code="a">720.28</subfield>
   <subfield code="b">K310</subfield>
  </datafield>
  <datafield tag="100" ind1="1" ind2=" ">
   <subfield code="a">Đoàn Như Kim</subfield>
   <subfield code="e">chủ biên</subfield>
  </datafield>
  <datafield tag="245" ind1="1" ind2="0">
   <subfield code="a">Vẽ kỹ thuật xây dựng :</subfield>
   <subfield code="b">Đã được hội đồng môn học của Bộ Giáo dục và Đào tạo thông qua dùng làm tài liệu giảng dạy cho các trường Đại học Kỹ thuật</subfield>
   <subfield code="c">Đoàn Như Kim (chủ biên); Nguyễn Quang Cự, Dương Tiến Thọ</subfield>
  </datafield>
  <datafield tag="250" ind1=" " ind2=" ">
   <subfield code="a">Tái bản lần thứ 19</subfield>
  </datafield>
  <datafield tag="260" ind1=" " ind2=" ">
   <subfield code="a">TP Hồ Chí Minh</subfield>
   <subfield code="b">Giáo dục Việt Nam</subfield>
   <subfield code="c">2016</subfield>
  </datafield>
  <datafield tag="300" ind1=" " ind2=" ">
   <subfield code="a">227 tr.</subfield>
   <subfield code="b">hình vẽ, bảng</subfield>
   <subfield code="c">27cm</subfield>
  </datafield>
  <datafield tag="520" ind1="3" ind2=" ">
   <subfield code="a">Sách được soạn thảo theo chương trình của Bộ Giáo dục và Đào tạo, dùng làm tài liệu giảng dạy và học tập tại các trường đại học kỹ thuật thuộc khối công trình. Sách gồm 2 phần: Phần một là những kiến thức cơ bản về Vẽ kỹ thuật, phần hai là Vẽ xây dựng</subfield>
  </datafield>
  <datafield tag="653" ind1=" " ind2=" ">
   <subfield code="a">Kiến trúc</subfield>
  </datafield>
  <datafield tag="700" ind1="1" ind2=" ">
   <subfield code="a">Nguyễn Quang Cự</subfield>
  </datafield>
  <datafield tag="700" ind1="1" ind2=" ">
   <subfield code="a">Dương Tiến Thọ</subfield>
  </datafield>
  <datafield tag="942" ind1=" " ind2=" ">
   <subfield code="2">ddc</subfield>
   <subfield code="c">BK</subfield>
  </datafield>
  <datafield tag="952" ind1=" " ind2=" ">
   <subfield code="0">0</subfield>
   <subfield code="1">0</subfield>
   <subfield code="2">ddc</subfield>
   <subfield code="4">0</subfield>
   <subfield code="6">720_280000000000000_K310</subfield>
   <subfield code="7">0</subfield>
   <subfield code="9">9475</subfield>
   <subfield code="a">000001</subfield>
   <subfield code="b">000001</subfield>
   <subfield code="d">2018-06-02</subfield>
   <subfield code="o">720.28 K310</subfield>
   <subfield code="p">MD.08935</subfield>
   <subfield code="r">2018-06-02</subfield>
   <subfield code="v">50000.00</subfield>
   <subfield code="w">2018-06-02</subfield>
   <subfield code="y">BK</subfield>
  </datafield>
  <datafield tag="952" ind1=" " ind2=" ">
   <subfield code="0">0</subfield>
   <subfield code="1">0</subfield>
   <subfield code="2">ddc</subfield>
   <subfield code="4">0</subfield>
   <subfield code="6">720_280000000000000_K310</subfield>
   <subfield code="7">0</subfield>
   <subfield code="9">9476</subfield>
   <subfield code="a">000001</subfield>
   <subfield code="b">000001</subfield>
   <subfield code="d">2018-06-02</subfield>
   <subfield code="l">1</subfield>
   <subfield code="o">720.28 K310</subfield>
   <subfield code="p">MD.08936</subfield>
   <subfield code="r">2020-05-25</subfield>
   <subfield code="s">2020-05-09</subfield>
   <subfield code="v">50000.00</subfield>
   <subfield code="w">2018-06-02</subfield>
   <subfield code="y">BK</subfield>
  </datafield>
  <datafield tag="952" ind1=" " ind2=" ">
   <subfield code="0">0</subfield>
   <subfield code="1">0</subfield>
   <subfield code="2">ddc</subfield>
   <subfield code="4">0</subfield>
   <subfield code="6">720_280000000000000_K310</subfield>
   <subfield code="7">0</subfield>
   <subfield code="9">9477</subfield>
   <subfield code="a">000001</subfield>
   <subfield code="b">000001</subfield>
   <subfield code="d">2018-06-02</subfield>
   <subfield code="o">720.28 K310</subfield>
   <subfield code="p">MD.08937</subfield>
   <subfield code="r">2018-06-02</subfield>
   <subfield code="v">50000.00</subfield>
   <subfield code="w">2018-06-02</subfield>
   <subfield code="y">BK</subfield>
  </datafield>
  <datafield tag="952" ind1=" " ind2=" ">
   <subfield code="0">0</subfield>
   <subfield code="1">0</subfield>
   <subfield code="2">ddc</subfield>
   <subfield code="4">0</subfield>
   <subfield code="6">720_280000000000000_K310</subfield>
   <subfield code="7">0</subfield>
   <subfield code="9">9478</subfield>
   <subfield code="a">000001</subfield>
   <subfield code="b">000001</subfield>
   <subfield code="d">2018-06-02</subfield>
   <subfield code="o">720.28 K310</subfield>
   <subfield code="p">MD.08938</subfield>
   <subfield code="r">2018-06-02</subfield>
   <subfield code="v">50000.00</subfield>
   <subfield code="w">2018-06-02</subfield>
   <subfield code="y">BK</subfield>
  </datafield>
  <datafield tag="980" ind1=" " ind2=" ">
   <subfield code="a">Thư viện Trường Đại học Nam Cần Thơ</subfield>
  </datafield>
 </record>
</collection>
